Как предупредить алкоголизм и наркоманию у подростков: Учебные пособия

書誌詳細
第一著者: Еникеева Д. Д. Диля Дэрдовна
言語:ロシア語
出版事項: Москва, Академия, 1999
主題:
フォーマット: 図書
KOHA link:https://koha.lib.tpu.ru/cgi-bin/koha/opac-detail.pl?biblionumber=14319

MARC

LEADER 00000nam0a2200000 4500
001 14319
005 20231030185623.0
010 |a 5769503722 
035 |a (RuTPU)RU\TPU\book\14412 
035 |a BOOK00014480 
090 |a 14319 
100 |a 20011209d1999 m y0rusy50 ca 
101 0 |a rus 
102 |a RU 
105 |a y j 000zy 
200 1 |a Как предупредить алкоголизм и наркоманию у подростков  |e Учебные пособия  |f Д. Д. Еникеева 
210 |a Москва  |c Академия  |d 1999 
215 |a 144 с. 
610 1 |a здоровый образ жизни 
610 1 |a наркомания 
610 1 |a подростки 
610 1 |a профилактика 
610 1 |a учебные пособия 
610 1 |a алкоголизм 
675 |a 613.8(075)  |v 3 
700 1 |a Еникеева  |b Д. Д.  |g Диля Дэрдовна 
801 0 |a RU  |b 63413507  |c 20011209  |g PSBO 
801 2 |a RU  |b 63413507  |c 20100910  |g PSBO 
942 |c BK